=LDR 00000nam 2200000 4500 =001 INLIS000000000052798 =005 20180305103137 =035 ##$$a 0010-0318000025 =007 ta =008 180305###########################0###### =020 ##$$a 978-602-262-067-9 =082 ##$$a 511 =084 ##$$a 511 IBR p =100 #$$a Ibrahim =245 1#$$a Pengantar kombinatorika dan tori graf /$c Ibrahim =260 ##$$a Yogyakarta :$b Graha Ilmu,$c 2013 =300 ##$$a vii,111 hlm. : $b ilus. ; $c 27 cm. =500 ##$$a Biografi : hlm. 111 =650 ##$$a Matematika deskrit =700 #$$a Noor saif muhammad mussafi =504 ##$$a Bibliografi : hlm 109 =990 ##$$a 51735173 =990 ##$$a 51735173 =990 ##$$a 51735173 =990 ##$$a 51735173 =990 ##$$a 51735173 =990 ##$$a 21710026 =990 ##$$a 01201805173 =990 ##$$a 01201805174 =990 ##$$a 01201805175 =990 ##$$a 01201805176 =990 ##$$a 21710027 =990 ##$$a 01201805173 =990 ##$$a 01201805174 =990 ##$$a 01201805175 =990 ##$$a 21710026 =990 ##$$a 21710028 =990 ##$$a 01201805173 =990 ##$$a 01201805174 =990 ##$$a 21710027 =990 ##$$a 21710026 =990 ##$$a 21710029 =990 ##$$a 01201805173 =990 ##$$a 21710028 =990 ##$$a 21710027 =990 ##$$a 21710026 =990 ##$$a 21710030 =990 ##$$a 21710029 =990 ##$$a 21710028 =990 ##$$a 21710027 =990 ##$$a 21710026